00465nam a2200193 a 4500001001300000003000900013005001700022008004100039020001000080082001400090100002100104245002100125260003200146300000800178500003500186505001300221650001600234700002100250nice12345678IN_TiNIC20260116011623.0050524s1904 teha grp 000 0 urd  ac10000a239bBAR7 aBarkhurdar, Khan aMasih-E-Masloob. aTehranbNo Publisher c1904 a48p aincludes index and biblioraphy2 aArchives aApologetics1 aBarkhurdar, Khan